LEADER 01222nam a2200265 i 4500 001 000000220284 003 CaOOAMICUS 005 20130412000000.0 008 130412s2004 it u000 u ita u 013 $a199181 020 $a88-10-50968-4 040 $aSeMil$bita 245 10$aLectio divina e lectio humana :$bun nuovo modello di accompagnamento spirituale /$cNello Dell'Agli. 260 $aMilano :$bCentro Ambrosiano,$ccopyr. 2004. 300 $a305 p. ;$c21 cm. 490 0 $aSussidi per l'animazione della vita religiosa ;$v9 650 4$aAccompagnamento spirituale.$0(OLS)http://semarc/subject/6270 650 4$aLectio divina - Sussidi.$0(OLS)http://semarc/subject/36241 830 0$aSussidi per l'animazione della vita religiosa ;$v9.$0(OLS)http://semarc/title/38443 850 $aSeMil 852 $aSeMil$W1$xVenegono$y1$m2C VI 215$j170640$B170640$CSeMilBibl$Z2$F182475 $81 961 $aLascito: Martini Card. Carlo Maria 996 $6020$a88-10-50968-4$9(OLS)http://semarc/number/218745 996 $6245$aLectio divina e lectio humana :$bun nuovo modello di accompagnamento spirituale$9(OLS)http://semarc/title/315947 996 $6260$aMilano :$bCentro Ambrosiano$9(OLS)http://semarc/publisher/29766 LEADER 01434nam a2200265 i 4500 001 000000035445 003 CaOOAMICUS 005 20041112000000.0 008 041112s1985 it u000 u ita u 013 $a3705 020 $a88-7075-112-0 040 $aSeMil$bita 245 10$aBibliografia dell'economia e della società lombarda, 1900-1945 :$bi libri e gli opuscoli conservati presso la Biblioteca Nazionale Centrale di Firenze e la Biblioteca Nazionale Braidense /$ca cura di Duccio Bigazzi ; con la collaborazione di Edoardo Borruso ... [et al.]. 300 $aXIII, 475 p. ;$c24 cm. 490 0 $aFonti e strumenti ;$v2 650 4$aLombardia - Economia.$0(OLS)http://semarc/subject/1149 650 4$aLombardia - Società - Storia - Sec. 20.$0(OLS)http://semarc/subject/6450 700 1 $aBorruso, Edoardo.$0(OLS)http://semarc/name/16516 700 1 $aBigazzi, Duccio,$d<1947-1999>.$0(OLS)http://semarc/name/16515 830 0$aFonti e strumenti ;$v2.$0(OLS)http://semarc/title/326 850 $aSeMil 852 $aSeMil$W1$xVenegono$y1$m3P III 585$j259039$B1600$CSeMilBibl$Z2$F1600 $81 961 $aOmaggio: Autore 996 $6020$a88-7075-112-0$9(OLS)http://semarc/number/3672 996 $6245$aBibliografia dell'economia e della società lombarda, 1900-1945 :$bi libri e gli opuscoli conservati presso la Biblioteca Nazionale Centrale di Firenze e la Biblioteca Nazionale Braidense$9(OLS)http://semarc/title/48522